| 000 | 03338cam a22004454i 4500 | ||
|---|---|---|---|
| 003 | PE-LiUPU | ||
| 005 | 20250731184116.0 | ||
| 008 | 150706s2009 r 000 0 spa d | ||
| 020 | _a9788496107991 | ||
| 035 | _a(Sirsi) i9788496107991 | ||
| 040 |
_aPE-LiUPU _bspa _cPE-LiUPU _erda |
||
| 049 | _aPRUA | ||
| 082 | 0 | 4 |
_a869.26 _bO57 _221 |
| 100 | 1 |
_aOppenheimer, Andrés, _eautor. |
|
| 245 | 1 | 4 |
_aLos estados desunidos de Latinoamérica : _b(las mejores columnas del 2006 al 2009) / _cAndrés Oppenheimer. |
| 264 | 1 |
_aMadrid : _bEDAF, S.L, _c2009. |
|
| 300 |
_a319 páginas ; _c24 centimetros |
||
| 336 |
_atext _2rdacontent |
||
| 337 |
_aunmediated _2rdamedia |
||
| 338 |
_avolume _2rdacarrier |
||
| 500 | _aSelección de artículos del autor publicados en "The Miami herald" . | ||
| 505 | 0 | _aLa izquierda y la derecha en el siglo XXI -- El gabinete más globalizado -- ¿Un cuerpo de paz español para Latinoamérica? -- Demógrafos optimistas sobre América Latina -- Alán García y la izquierda responsable -- Una charla con Felipe Calderón -- México: otros seis años de gobierno débil -- El despertar de los hispanos -- La jugada de España en Cuba -- Los hispanos deben de decir ¡ya basta! -- Un encuentro con Barack Obama -- El boom del turismo médico -- Chávez y el "maleta-gate" -- La desunión de América del Norte -- Estados Unidos, inmigración y pobreza -- La crisis que nadie quiso ver -- Una entrevista con Obama -- Obama y el desafío latino -- Chávez de mediador a observador -- Obama y la enseñanza del español -- ¿Quién paga impuestos en América Latina? -- La farsa de los derechos humanos en la ONU -- ¿Una luz al final del túnel? -- La primera victoria de Obama -- Obama ganó el primer round -- Estados Unidos y la violencia fronteriza -- La declaración de la cumbre ¿una broma? -- Como salir más rápido de la recesión -- El mundo de la poscrisis -- La mejor respuesta a los populistas -- Uribe cava su propia fosa -- Las lecciones de Honduras -- ¿Y la solidaridad latinoamericana? -- La puerta giratoria de Ministros de economía -- ¿Hay golpes malos y golpes buenos? -- La autodestrucción de Uribe -- ¿Qué hay detrás de la escalada armamentística? -- ¿Una luz al final del túnel?. | |
| 526 | _aP145 | ||
| 526 | _aP127 | ||
| 526 | _aP97 | ||
| 526 | _aP14 | ||
| 526 | _aP07 | ||
| 541 | _g110-0000826; | ||
| 650 | 0 | 4 |
_aArtículos periodísticos _zArgentina _ySiglo XXI. |
| 651 |
_aEstados Unidos _xPolítica y gobierno _y2001-2009 |
||
| 651 |
_aAmérica Latina _xPolítica y gobierno _y1998-. |
||
| 910 |
_agl _bjv _clch _d20111213 |
||
| 942 |
_2ddc _cBOOK |
||
| 949 |
_a869.26 O57 _wDEWEY _c1 _i64170 _lCCODEBUL1 _mBUL _p22.00 _r0 _sY _tBOOK _u2015-7-6 _xFCE _PP04 _o.STAFF. Colección General |
||
| 994 |
_aC0 _bPEPRU |
||
| 596 | _a1 | ||
| 999 |
_a869.26 O57 _wDEWEY _c52997 _i64170 _f2021-11-5 _g6 _lCCODEBUL1 _mBUL _p22.00 _r0 _sY _tBOOK _u2015-7-6 _xBIBLIOTECA _PP04 _0COMPRA _o.STAFF. Colección General _d52997 |
||
| 999 |
_a869.26 O57 _wDEWEY _c2 _i74450 _d2018-6-15 _e2017-4-18 _f2021-11-5 _g6 _lCCODEBUL1 _mBUL _n2 _p22.00 _q3 _r0 _sY _tBOOK _u2016-9-21 _xBIBLIOTECA _PP04 _0COMPRA _o.STAFF. Colección Ciencias Empresariales |
||
| 980 |
_81 _gALBERTO SANCHEZ Responsable de Automatización |
||